000 00879nam a22002177a 4500
999 _c1333
_d1333
003 AR-CdUCM
008 190226b ||||| |||| 00| 0 spa d
040 _aMUNICIPALIDAD PROVINCIAL DEL CUSCO
_cBIBLIOTECA MUNICIPAL DEL CUSCO
082 _a986.202 /
_bR24
100 _aRamos Pérez, Demetrio
_95116
245 _aBenalcázar y la primera Piura /
260 _aPiura - Perú :
_bUniversidad de Piura,
_aLima :
_bTalls. Graf. P.L. Villanueva,
_c1972.
300 _a79 páginas ;
_c18 cm.
440 _acolección algarrobo.
_n6
_95117
505 _aContenido: El problema inicial de San Miguel -- El problema de Benalcázar -- El aviso de Gaspar de Espinosa y la sugerencia poblada -- El anti San Miguel -- Un ámbito jurisdiccional flotante.
650 _aConquistadores
_91283
650 _aBiografía
_922
650 _aEspaña
_9176
942 _2ddc
_cLIBROS
945 _aachl